000 00663cam a2200193 a 4500
001 000008960
005 20200929161442.0
008 970707s1996 es f001 0 spa
040 _aDO-SdBNP
_cDLC
050 0 0 _aPQ7539.G3
_bA6 1996
082 _ann*
_bG283c
100 1 _aGavidia, Francisco,
_d1864-1955.
_923553
245 1 0 _aCuentos y narraciones /
_cFrancisco Gavidia.
260 _aSan Salvador :
_bConsejo Nacional para la Cultura y el Arte,
_c1996.
300 _a127 p. ;
_c22 cm.
490 1 _aBiblioteca Básica de Literatura Salvadoreña
_v1
830 0 _aBiblioteca Básica de Literatura Salvadoreña ;
_v1
_98991
910 _aCatalogación por copia / LC
999 _c8724
_d8724